| 000 | 010200000a22002050004500 | ||
|---|---|---|---|
| 001 | 768714001 | ||
| 003 | CO-MdFUSB | ||
| 005 | 20161124145005.0 | ||
| 008 | 161124s1998 sp ||||| |||| 00| 0 spa d | ||
| 022 | _a0014-1437 | ||
| 040 |
_aCO-MdFUSB _cCO-MdFUSB _dCO-MdFUSB _bspa |
||
| 041 | _aspa | ||
| 100 | 1 |
_aAranda Pérez, Gonzalo _eautor |
|
| 245 | 1 | 0 | _aEl destierro de Babilonia y las raíces de la apocalíptica |
| 300 |
_aVolumen 56. Número 3 (1998), Páginas 335-355 _c23 cm. |
||
| 520 | _aLas raíces del fenómeno apocalíptico se hallan en la literatura judía nacida en torno al destierro. Es literatura contiene elementos ideológicos y literarios desarrollados luego en la "apocalíptica". Lo que Israel entendía como revelación divina adquirió un crecimiento peculiar con las experiencias de la destrucción del templo, el destierro y el retorno. | ||
| 546 | _aTexto en Español | ||
| 773 | 0 |
_tEstudios Bíblicos _049452 _960472 _gVolumen 56. Número 3 (1998), Páginas 335-355 _qPágina 335 |
|
| 942 | _cANA | ||
| 999 |
_c50210 _d50210 |
||